Birds of the US - Gulls - Statistics

General Stats
  • This quiz has been taken 29 times
  • The average score is 30 of 39
Answer Stats
Hint Answer % Correct
Larus (argentatus) smithsonianus American Herring Gull
95%
Hydroprogne caspia Caspian Tern
95%
Leucophaeus atricilla Laughing Gull
95%
Larus delawarensis Ring-billed Gull
95%
Sterna paradisaea Arctic Tern
89%
Rynchops niger Black Skimmer
89%
Chlidonias niger Black Tern
89%
Larus californicus California Gull
89%
Sterna forsteri Forster’s Tern
89%
Larus hyperboreus Glaucous Gull
89%
Larus fuscus Lesser Black-backed Gull
89%
Chroiocephalus philadelphia Bonaparte’s Gull
84%
Larus marinus Great Black-backed Gull
84%
Larus heermanni Heermann’s Gull
84%
Xema sabini Sabine’s Gull
84%
Larus occidentalis Western Gull
84%
Sterna hirundo Common Tern
79%
Thalasseus elegans Elegant Tern
79%
Larus glaucescens Glaucous-winged Gull
79%
Sternula antillarum Least Tern
79%
Thalasseus maximus Royal Tern
79%
Thalasseus sandvicensis Sandwich Tern
79%
Chroiocephalus ridibundus Black-headed Gull
74%
Rissa tridactyla Black-legged Kittiwake
74%
Leucophaeus pipixcan Franklin’s Gull
74%
Larus glaucoides Iceland Gull
74%
Rissa brevirostris Red-legged Kittiwake
74%
Larus brachyrhynchus Short-billed Gull
74%
Hydrocoloeus minutus Little Gull
68%
Sterna dougallii Roseate Tern
68%
Rhodostethia rosea Ross’s Gull
68%
Onychoprion fuscatus Sooty Tern
68%
Pagophila eburnea Ivory Gull
63%
Onychoprion anaethetus Bridled Tern
58%
Larus schistisagus Slaty-backed Gull
58%
Larus livens Yellow-footed Gull
58%
Onychoprion aleuticus Aleutian Tern
53%
Anous stolidus Brown Noddy
53%
Geochelidon nilotica Gull-billed Tern
53%
No matching quizzes found
Score Distribution
Percent of People with Each Score
Percentile by Number Answered
Your Score History
You have not taken this quiz